[Event "International Championship of Central S"]
[Site "Paracin"]
[Date "2014.07.11"]
[Round "9.27"]
[White "Nielsen, Rogvi Egilstoft"]
[Black "Yordanov, Nikolay"]
[Result "1/2-1/2"]
[WhiteElo "2288"]
[BlackElo "2177"]
[PlyCount "77"]
[EventDate "2014.07.04"]

1. e4 d5 2. exd5 Nf6 3. d4 Bg4 4. Nf3 Qxd5 5. Be2 Nc6 6. h3 Bxf3 7. Bxf3 Qd7 8.
c3 O-O-O 9. Bf4 e5 10. Bxe5 Nxe5 11. dxe5 Re8 12. O-O Qxd1 13. Rxd1 Rxe5 14.
Nd2 Be7 15. b4 Bd8 16. a4 h5 17. Nc4 Rf5 18. Rd4 g5 19. Rad1 b6 20. Be2 Be7 21.
g4 hxg4 22. hxg4 Rf4 23. Rxf4 gxf4 24. Ne5 c5 25. Nc6 Kc7 26. Nxe7 Re8 27. bxc5
Rxe7 28. cxb6+ axb6 29. Bf3 Rd7 30. Rd4 Rxd4 31. cxd4 Kd6 32. Kg2 Nh7 33. Bd1
Ng5 34. Bb3 f6 35. Kf1 Nf3 36. Bf7 Nxd4 37. Ke1 Nf3+ 38. Ke2 Ne5 39. Be8
1/2-1/2

[Event "International Championship of Central S"]
[Site "Paracin"]
[Date "2014.07.11"]
[Round "9.28"]
[White "Jovanovic, Bojan P"]
[Black "Tisma, Ivan"]
[Result "1/2-1/2"]
[WhiteElo "2307"]
[BlackElo "2095"]
[PlyCount "41"]
[EventDate "2014.07.04"]

1. d4 Nf6 2. c4 g6 3. f3 Bg7 4. e4 d6 5. Nc3 O-O 6. Bg5 c5 7. d5 h6 8. Be3 e6
9. dxe6 Bxe6 10. Qd2 Nc6 11. g3 Kh7 12. b3 Nd4 13. Bxd4 cxd4 14. Nb5 Re8 15.
Nxd4 d5 16. cxd5 Bxd5 17. Nge2 Be6 18. Bg2 Rc8 19. O-O Qb6 20. Qe3 Red8 21.
Rfd1 1/2-1/2

[Event "International Championship of Central S"]
[Site "Paracin"]
[Date "2014.07.11"]
[Round "9.29"]
[White "Radovic, Luka"]
[Black "Sarenac, David"]
[Result "0-1"]
[WhiteElo "2140"]
[BlackElo "2304"]
[PlyCount "78"]
[EventDate "2014.07.04"]

1. e4 g6 2. Nc3 Bg7 3. d4 d6 4. Nf3 a6 5. a4 Nd7 6. Be2 c5 7. O-O cxd4 8. Nxd4
Ngf6 9. Nb3 b6 10. f4 Bb7 11. Bf3 Qc7 12. Be3 Rc8 13. Qe1 O-O 14. Rd1 Qb8 15.
Bd4 e5 16. fxe5 dxe5 17. Be3 b5 18. axb5 axb5 19. Ra1 Bc6 20. Bf2 b4 21. Ba7
Qb7 22. Nd5 Nxd5 23. exd5 Bxd5 24. Bxd5 Qxd5 25. Rf2 Rc4 26. Rd1 Qe6 27. Qf1
Rc7 28. Be3 f5 29. Rfd2 f4 30. Rd6 Qf5 31. Bd2 Rb8 32. Qa6 Bf8 33. Rd5 Nf6 34.
Ra5 Rd8 35. Re1 Ne4 36. Qb6 Rdd7 37. Ra8 Nxd2 38. Nxd2 Kg7 39. Re8 Bc5+ 0-1

[Event "International Championship of Central S"]
[Site "Paracin"]
[Date "2014.07.11"]
[Round "9.30"]
[White "Todorovic, Nenad I"]
[Black "Svicevic, Rastko"]
[Result "0-1"]
[WhiteElo "2173"]
[BlackElo "2300"]
[PlyCount "54"]
[EventDate "2014.07.04"]

1. e4 c5 2. Nf3 g6 3. d4 cxd4 4. Qxd4 Nf6 5. e5 Nc6 6. Qa4 Nd5 7. Qe4 Nb6 8.
Nc3 Bg7 9. Bf4 d5 10. exd6 Bf5 11. Qe3 O-O 12. O-O-O e5 13. Bh6 Re8 14. Bxg7
Kxg7 15. Bb5 Rc8 16. Bxc6 Rxc6 17. Nxe5 Rxd6 18. Qg3 Nd5 19. Nc4 Rd7 20. Ne5
Nxc3 21. Qxc3 Qg5+ 22. Kb1 Rxd1+ 23. Rxd1 Rc8 24. Nc4+ Kg8 25. Qb4 Qg4 26. Kc1
Qf4+ 27. Rd2 Rxc4 0-1

[Event "International Championship of Central S"]
[Site "Paracin"]
[Date "2014.07.11"]
[Round "9.31"]
[White "Visanescu, Daria-Ioana"]
[Black "Dezelin, Milan"]
[Result "1/2-1/2"]
[WhiteElo "2090"]
[BlackElo "2298"]
[PlyCount "40"]
[EventDate "2014.07.04"]

1. e4 c5 2. Nf3 a6 3. c3 e6 4. d4 d5 5. e5 Nd7 6. Bd3 Ne7 7. h4 Nc6 8. a3 b5 9.
Rh3 Qb6 10. Be3 h6 11. g4 Bb7 12. Nbd2 O-O-O 13. a4 c4 14. Be2 b4 15. cxb4 Bxb4
16. Kf1 Na5 17. Ne1 f6 18. b3 fxe5 19. bxc4 exd4 20. Bf4 e5 1/2-1/2

[Event "International Championship of Central S"]
[Site "Paracin"]
[Date "2014.07.11"]
[Round "9.33"]
[White "Tscharotschkin, Michael"]
[Black "Dauletova, Gulmira"]
[Result "0-1"]
[WhiteElo "2179"]
[BlackElo "2252"]
[PlyCount "36"]
[EventDate "2014.07.04"]

1. e4 c5 2. Nf3 e6 3. c3 d5 4. exd5 exd5 5. d4 Nc6 6. Bb5 Bd6 7. O-O Nge7 8.
dxc5 Bxc5 9. Nbd2 O-O 10. Nb3 Bb6 11. Bd3 h6 12. h3 Qd6 13. Re1 Bxh3 14. gxh3
Qg3+ 15. Kh1 Bxf2 16. Rf1 Qxh3+ 17. Nh2 Bg3 18. Qc2 Bxh2 0-1

[Event "International Championship of Central S"]
[Site "Paracin"]
[Date "2014.07.11"]
[Round "9.34"]
[White "Radovic, Stefan"]
[Black "Cvetanovic, Uros"]
[Result "0-1"]
[WhiteElo "2072"]
[BlackElo "2323"]
[PlyCount "64"]
[EventDate "2014.07.04"]

1. c4 e5 2. Nc3 Nf6 3. g3 Nc6 4. Bg2 Bc5 5. Nf3 d6 6. O-O a6 7. a3 O-O 8. d3 h6
9. b4 Ba7 10. Bb2 Rb8 11. Nd5 Nxd5 12. cxd5 Ne7 13. Qb3 Bg4 14. Rac1 Rc8 15.
Rc2 c6 16. dxc6 Be6 17. Qc3 Nxc6 18. Qd2 Qb6 19. e3 Qb5 20. Rfc1 Bf5 21. e4 Bh7
22. Re1 f5 23. Re2 Rf7 24. Nh4 Rcf8 25. Qe1 f4 26. Bh3 Qxd3 27. Be6 fxg3 28.
hxg3 Qxg3+ 29. Ng2 Kh8 30. Bxf7 Rxf7 31. Rc3 Qg4 32. Kh2 Nd4 0-1

[Event "International Championship of Central S"]
[Site "Paracin"]
[Date "2014.07.11"]
[Round "9.35"]
[White "Mrsic, Robert"]
[Black "Bernard, Jacques"]
[Result "1/2-1/2"]
[WhiteElo "2134"]
[BlackElo "2198"]
[PlyCount "41"]
[EventDate "2014.07.04"]

1. e4 c5 2. Nf3 e6 3. d4 cxd4 4. Nxd4 Nf6 5. Nc3 Qb6 6. Nb3 Bb4 7. Bd3 Bxc3+ 8.
bxc3 d6 9. Ba3 Nbd7 10. O-O O-O 11. e5 dxe5 12. Bxf8 Kxf8 13. c4 Qc6 14. Qe1 b6
15. f3 a5 16. Qe2 Ba6 17. c5 Bxd3 18. cxd3 a4 19. Nd2 Qxc5+ 20. Qf2 Qxf2+ 21.
Rxf2 1/2-1/2

[Event "International Championship of Central S"]
[Site "Paracin"]
[Date "2014.07.11"]
[Round "9.36"]
[White "Manelidou, Maria"]
[Black "Djordjevic, Gradimir"]
[Result "1-0"]
[WhiteElo "2071"]
[BlackElo "2160"]
[PlyCount "101"]
[EventDate "2014.07.04"]

1. e4 d6 2. d4 Nf6 3. Nc3 e5 4. dxe5 dxe5 5. Qxd8+ Kxd8 6. Bc4 Be6 7. Bxe6 fxe6
8. Nf3 Bd6 9. Bg5 Nbd7 10. O-O-O Ke7 11. Nd2 h6 12. Bh4 Bb4 13. f3 a6 14. Ne2
g5 15. Bf2 Raf8 16. c3 Bc5 17. Bxc5+ Nxc5 18. Nc4 Nfd7 19. b4 Na4 20. Rxd7+
Kxd7 21. Nxe5+ Ke8 22. Ng6 Rhg8 23. Nxf8 Rxf8 24. Kc2 Ke7 25. Nd4 Nb6 26. Kd3
Rd8 27. Ke2 c5 28. Nb3 Na4 29. Rc1 c4 30. Na5 Rd3 31. Nxc4 Rxc3 32. Kd2 Rxc1
33. Kxc1 Nc3 34. a3 g4 35. Kd2 gxf3 36. gxf3 Nb5 37. Kd3 Kf6 38. f4 Kg6 39. a4
Nc7 40. Kd4 Kh5 41. Ke5 Kg4 42. f5 exf5 43. exf5 Ne8 44. f6 Nxf6 45. Kxf6 h5
46. Ne5+ Kh3 47. Kg5 Kxh2 48. Kxh5 Kg3 49. Kg5 Kf2 50. Kf4 Ke2 51. Ke4 1-0

[Event "International Championship of Central S"]
[Site "Paracin"]
[Date "2014.07.11"]
[Round "9.38"]
[White "Djordjevic, Vuk"]
[Black "Stefanov, Emil"]
[Result "1-0"]
[WhiteElo "2148"]
[BlackElo "2061"]
[PlyCount "105"]
[EventDate "2014.07.04"]

1. e4 c5 2. Nc3 Nc6 3. g3 g6 4. Bg2 Bg7 5. Nge2 d6 6. d3 e6 7. O-O Nge7 8. Bg5
O-O 9. Qd2 Nd4 10. Nd1 Rb8 11. Nc1 b5 12. c3 Ndc6 13. Bh6 b4 14. Bxg7 Kxg7 15.
Ne3 e5 16. f4 f6 17. Ne2 Qb6 18. Rac1 Be6 19. c4 Nd4 20. g4 Nxe2+ 21. Qxe2 exf4
22. Rxf4 g5 23. Rf2 Nc6 24. Rcf1 Nd4 25. Qd1 Qa5 26. b3 Qc7 27. h3 a5 28. Nc2
Rbe8 29. Nxd4 cxd4 30. Qd2 Qc5 31. Qb2 Re7 32. Bf3 Ra7 33. Bd1 h5 34. Rf5 Bxf5
35. Rxf5 Qb6 36. gxh5 Re7 37. Qf2 Re5 38. Rxe5 dxe5 39. Qf5 Qc7 40. Bg4 Kh8 41.
Qe6 Qf7 42. Qd6 Re8 43. c5 Qe7 44. Qb6 Qd8 45. Qxd8 Rxd8 46. c6 Kg7 47. c7 Ra8
48. c8=Q Rxc8 49. Bxc8 Kh6 50. Bg4 Kg7 51. Kg2 Kh6 52. Kg3 Kg7 53. Bd7 1-0

[Event "International Championship of Central S"]
[Site "Paracin"]
[Date "2014.07.11"]
[Round "9.39"]
[White "Mazet, Julien"]
[Black "Marjanovics, Annamaria"]
[Result "0-1"]
[WhiteElo "2083"]
[BlackElo "2051"]
[PlyCount "96"]
[EventDate "2014.07.04"]

1. d4 Nf6 2. Nf3 e6 3. c4 b6 4. a3 Bb7 5. Nc3 d5 6. Bg5 Be7 7. Bxf6 Bxf6 8.
cxd5 exd5 9. Qa4+ Qd7 10. Qxd7+ Nxd7 11. e3 c6 12. Bd3 O-O 13. O-O Rfe8 14.
Rac1 Rac8 15. Bf5 Rcd8 16. Rfd1 g6 17. Bh3 Nf8 18. Na2 Ne6 19. b4 Rc8 20. Rc2
Rc7 21. Nc1 Ba6 22. Nd2 Bb5 23. g3 Kf8 24. Bf1 Bxf1 25. Nxf1 Rec8 26. Nb3 Ke7
27. Rdc1 Kd6 28. Nfd2 c5 29. dxc5+ bxc5 30. Kf1 cxb4 31. Rxc7 Rxc7 32. axb4
Rxc1+ 33. Nxc1 Bc3 34. Ndb3 Bxb4 35. Ke2 Kc6 36. Nd3 Bd6 37. Kd1 Kb5 38. Kc2 a5
39. Nd2 f6 40. Nb1 Bb4 41. h4 Nc5 42. Nf4 Kc4 43. f3 a4 44. Ne2 Nd3 45. Nd4 a3
46. Nd2+ Bxd2 47. Kxd2 a2 48. Nc2 Nc5 0-1

[Event "International Championship of Central S"]
[Site "Paracin"]
[Date "2014.07.11"]
[Round "9.40"]
[White "Mulenko, Alexander"]
[Black "Strebkovs, Andrejs"]
[Result "0-1"]
[WhiteElo "2000"]
[BlackElo "2357"]
[PlyCount "74"]
[EventDate "2014.07.04"]

1. Nf3 Nf6 2. g3 d6 3. d4 g6 4. Bg2 Bg7 5. O-O O-O 6. c4 c6 7. Nc3 Nbd7 8. Rb1
a5 9. a3 e5 10. dxe5 dxe5 11. b4 axb4 12. axb4 Qe7 13. Nd2 Rd8 14. Qc2 Nb6 15.
c5 Nbd5 16. e4 Nc7 17. Nc4 Ne6 18. Ne2 Nd4 19. Nxd4 exd4 20. Qd3 Be6 21. Nb6
Ra2 22. Bg5 h6 23. Bf4 Ng4 24. Ra1 Nxf2 25. Qb1 Rxa1 26. Qxa1 d3 27. Qc1 Nh3+
28. Kh1 Nxf4 29. gxf4 Bg4 30. Nc4 Rd4 31. e5 Be2 32. Rf2 Qd7 33. Nd2 Rxb4 34.
Qc3 Qd4 35. Qxd4 Rxd4 36. Bf1 Bxf1 37. Rxf1 Bf8 0-1

[Event "International Championship of Central S"]
[Site "Paracin"]
[Date "2014.07.11"]
[Round "9.41"]
[White "Zlatanovic, Zoran"]
[Black "Lazov, Toni"]
[Result "1-0"]
[WhiteElo "2188"]
[BlackElo "2001"]
[PlyCount "99"]
[EventDate "2014.07.04"]

1. e4 c5 2. Nf3 d6 3. d4 Nf6 4. Nc3 cxd4 5. Nxd4 a6 6. a4 e5 7. Nf3 Qc7 8. Be2
Be6 9. O-O Be7 10. Be3 Nbd7 11. a5 O-O 12. h3 Qc6 13. Nd2 d5 14. exd5 Nxd5 15.
Nxd5 Bxd5 16. Bf3 f5 17. Bxd5+ Qxd5 18. Nf3 Qc6 19. c3 f4 20. Qb3+ Kh8 21. Bb6
Bf6 22. Qa4 Nxb6 23. Qxc6 bxc6 24. axb6 Rfb8 25. Nd2 Rxb6 26. Nc4 Rb5 27. f3 h5
28. Kf2 Rc5 29. Ra4 Rb8 30. Ke2 Kg8 31. Rd1 Kf7 32. Rd2 Ke6 33. Rc2 Rbb5 34.
Nd2 Rb6 35. b4 Rd5 36. Nc4 Rb8 37. Rxa6 Kf5 38. Rxc6 Rbd8 39. Rd2 Rxd2+ 40.
Nxd2 Rb8 41. Ne4 Ra8 42. Rd6 Ra2+ 43. Rd2 Ra3 44. Rb2 Ra1 45. b5 Bd8 46. b6 Rg1
47. b7 Rxg2+ 48. Nf2 Bh4 49. Kd3 e4+ 50. fxe4+ 1-0

[Event "International Championship of Central S"]
[Site "Paracin"]
[Date "2014.07.11"]
[Round "9.42"]
[White "Stojkovska, Monika"]
[Black "Soilemetzidis, Konstantinos"]
[Result "1-0"]
[WhiteElo "2040"]
[BlackElo "1909"]
[PlyCount "33"]
[EventDate "2014.07.04"]

1. e4 g6 2. d4 Bg7 3. Nc3 c6 4. Nf3 d5 5. h3 Nf6 6. e5 Ne4 7. Nxe4 dxe4 8. Ng5
Bf5 9. Bc4 e6 10. g4 h6 11. Nxf7 Kxf7 12. gxf5 gxf5 13. Qh5+ Ke7 14. Qg6 Qg8
15. Bxe6 Qf8 16. Bxf5 Kd8 17. Rg1 1-0

[Event "International Championship of Central S"]
[Site "Paracin"]
[Date "2014.07.11"]
[Round "9.43"]
[White "Jandric, Damjan"]
[Black "Magnusson, Roger"]
[Result "0-1"]
[WhiteElo "2060"]
[BlackElo "2000"]
[PlyCount "56"]
[EventDate "2014.07.04"]

1. e4 c5 2. Nf3 Nc6 3. Bb5 g5 4. Bxc6 dxc6 5. d3 g4 6. Ng1 Bg7 7. Nc3 Qb6 8.
Nge2 Bd7 9. b3 O-O-O 10. Na4 Qc7 11. Bf4 e5 12. Be3 b6 13. Qd2 Ne7 14. O-O-O
Qd6 15. f3 f5 16. Nec3 Be6 17. Qe2 f4 18. Bf2 Rhg8 19. Bh4 Ng6 20. Bxd8 Rxd8
21. fxg4 Qd4 22. Nb1 f3 23. Qxf3 Bh6+ 24. Rd2 Rf8 25. c3 Qd7 26. Qh3 Bxd2+ 27.
Nxd2 Nf4 28. Qg3 Ne2+ 0-1

[Event "International Championship of Central S"]
[Site "Paracin"]
[Date "2014.07.11"]
[Round "9.44"]
[White "Tomic, Aleksandar"]
[Black "Popchev, Milko"]
[Result "1-0"]
[WhiteElo "2019"]
[BlackElo "2331"]
[PlyCount "66"]
[EventDate "2014.07.04"]

1. d4 b6 2. e4 Bb7 3. Nd2 g6 4. Ngf3 Bg7 5. c3 d6 6. Bc4 Nf6 7. Qe2 O-O 8. O-O
c5 9. dxc5 bxc5 10. a3 d5 11. exd5 Bxd5 12. Bxd5 Qxd5 13. Nc4 Nc6 14. Be3 Rfd8
15. Rfd1 Qh5 16. Bf4 Nd5 17. Bg3 e6 18. Nd6 Nce7 19. Qc4 Nf5 20. Nxf5 gxf5 21.
Qxc5 f4 22. Bh4 Rdc8 23. Qd6 Rab8 24. c4 Nb6 25. Qxf4 Nxc4 26. Rd7 Ne5 27. Nxe5
Bxe5 28. Qg5+ Qxg5 29. Bxg5 Rxb2 30. Rad1 a6 31. Bh6 Rbb8 32. g3 Bg7 33. Bf4 h5
1-0